The Just economy

Đã lưu trong:
書目詳細資料
主要作者: Winfield, Richard Dien
格式: 圖書
語言:Undetermined
出版: New York Routledge 1988
主題:
標簽: 添加標簽
沒有標簽, 成為第一個標記此記錄!
Thư viện lưu trữ: Trung tâm Học liệu Trường Đại học Cần Thơ
LEADER 00486nam a2200181Ia 4500
001 CTU_80450
008 210402s9999 xx 000 0 und d
082 |a 323.4 
082 |b W758 
100 |a Winfield, Richard Dien 
245 4 |a The Just economy 
245 0 |c Richard Dien Winfield 
260 |a New York 
260 |b Routledge 
260 |c 1988 
650 |a Distributive justice,Economics 
904 |i Trọng Hải 
980 |a Trung tâm Học liệu Trường Đại học Cần Thơ